| 000 | 00951nam0a22002891 4500 | ||
|---|---|---|---|
| 001 | rc\3346545 | ||
| 005 | 20250609182633.0 | ||
| 021 |
_aRU _b[74-61631] |
||
| 035 | _a(NLR Aleph) 007433942 | ||
| 090 |
_a7045116 _c7045116 |
||
| 100 | _a20130115d1974 |||y0rusy50 ca | ||
| 101 | 1 |
_arus _cmon |
|
| 102 | _aRU | ||
| 105 | _aa z ||||| | ||
| 200 | 1 |
_aОткрывая мир... _eНовеллы _e[Для сред. возраста] _fПер. с монг. [Г. Матвеевой _gВступ. статья Ю. Сотника] _gРис. Б. Кошоева |
|
| 210 |
_aМосква _cДет. лит. _d1974 |
||
| 215 |
_a159 с. _cил. _d17 |
||
| 700 | 1 |
_aТудэв _bЛ. _f1935- _gЛодонгийн |
|
| 702 | 1 |
_aСотник _bЮ. _4080 |
|
| 702 | 1 |
_aМатвеева _bГ. _4730 |
|
| 702 | 1 |
_aКошоев _bБ. _4440 |
|
| 801 | 0 |
_aRU _bNLR _gpsbo |
|
| 801 | 1 |
_aRU _bELAR _2rusmarc |
|
| 852 |
_aNLR _j74-2/1423 |
||
| 942 | _cBOOK | ||
| 980 | _aNB | ||